00572nam a2200205Ia 4500003000400000005001700004008004100021020002200062040000700084041000800091082002200099100002500121245011100146250000600257260003600263300001400299365001300313650001500326650002500341OSt20230523103527.0210423s2012 xx 000 0 und d a978-81-7554-538-0 cAL aeng a658.3125 ARMA223 aARMSTRONG (Michael). aArmstrongs handbook of performance management: an evidence based guide to delivering high performance Ed 4 a4 aNew DelhibKogan Page Ltdc2012 ax,382bPB b395cINR aManagement aPersonnel Management